Vývoj systému pre detekciu phishingových e-mailov

Saved in:
Bibliographic Details
Main Author: Zlatohlávková, Simona (Author)
Other Authors: Oravec, Miloš (Thesis advisor)
Format: Manuscript Book
Language:Slovak
Published: 2025
Subjects:
Online Access:http://is.stuba.sk/zp/portal_zp.pl?podrobnosti=184441
Tags: Add Tag
No Tags, Be the first to tag this record!

MARC

LEADER 00000ntm a22000003a 4500
001 stuzp105042
003 SK-STU
005 20250614213546.9
007 ta
008 150427s2015----xo-----f-mn---000-0-slo-d
040 |a STU  |b slo 
041 0 |a slo 
100 1 |a Zlatohlávková, Simona  |u 035000  |4 aut  |U FEI Fakulta elektrotechniky a informatiky  |T FEI Ústav informatiky a matematiky  |X 111497  |U E050  |Y 816  |7 111497 
242 0 1 |a Development of a system for detecting phishing e-mails  |y eng 
245 1 0 |a Vývoj systému pre detekciu phishingových e-mailov 
260 |c 2025 
650 4 |a RoBERTa  |2 eng 
650 4 |a NLP  |2 eng 
650 4 |a Phishing  |2 eng 
650 4 |a RoBERTa  |2 slo 
650 4 |a NLP  |2 slo 
650 4 |a Phishing  |2 slo 
700 1 |a Oravec, Miloš  |u 035000  |k Z1  |4 ths  |U FEI Fakulta elektrotechniky a informatiky  |T FEI Ústav informatiky a matematiky  |X 2036  |U E050  |Y 816  |7 A000002036 
856 4 |u http://is.stuba.sk/zp/portal_zp.pl?podrobnosti=184441